Rǧimen fiscal de los ingresos por actividades empresariales y profesionales Personas fs̕icas 2018 /

Bibliographic Details
Main Author: Campero Guerrero, Eladio
Other Authors: Přez Chv̀ez, Još, Fol Olgun̕, Raymundo
Format: eBook
Language:Spanish
Published: Ciudad de Mx̌ico: Tax Editores, 2018
Subjects:
Online Access:Acceso restringido

MARC

LEADER 00000nam a22000007a 4500
005 2018052400400.0
007 cr|||| ||||
008 180524s2018 mx |||||s|||| 00||0 spa d
020 |a 978-607-629-222-8 
035 |a 21735 
040 |a vLex 
090 |c 7995  |d 7995 
100 1 |a Campero Guerrero, Eladio 
245 1 0 |a Rǧimen fiscal de los ingresos por actividades empresariales y profesionales  |h [Recurso electrn̤ico] :  |b Personas fs̕icas 2018 /  |c Eladio Campero Guerrero, Jos ̌Přez Chv̀ez, Raymundo Fol Olgun̕ 
256 |a Servicio en ln̕ea 
260 |a Ciudad de Mx̌ico:  |b Tax Editores,  |c 2018 
300 |a 1 recurso electrn̤ico 
500 |a Con la finalidad de llevar de la mano a los contribuyentes que perciben ingresos por actividades empresariales o profesionales (honorarios) en el cumplimiento de sus obligaciones fiscales y en la correcta determinacin̤ de sus impuestos, presentamos esta obra que permitir ̀al lector conocer, entender y aplicar de inmediato las disposiciones fiscales contenidas en las leyes de los impuestos sobre la renta (ISR), al valor agregado (IVA), as ̕como en el Cd̤igo Fiscal de la Federacin̤, la Resolucin̤ Miscelǹea Fiscal vigente y diversos decretos. Este texto complementa con casos prc̀ticos los temas que se tratan en cada uno de los capt̕ulos, lo que facilita al lector una mejor comprensin̤. El libro est ̀dirigido a los responsables del cumplimiento de las obligaciones fiscales de las personas fs̕icas que perciben ingresos por la realizacin̤ de actividades empresariales o profesionales (honorarios), a los maestros de impuestos, a los estudiantes de la materia fiscal y, en general, a cualquier persona que se interese en conocer las disposiciones fiscales aplicables a dichas personas fs̕icas. 
506 1 |a Disponible solo en los productos indicados  |d vLex Global  |d vLex Global (Academic Edition, excluding Law Schools)  |d vLex Global (U.S. Academic Edition, Law Schools)  |d vLex Global (U.S. Academic Edition, excluding Law Schools)  |d vLex Global (Academic Edition, Law Schools) 
650 0 4 |a Derecho Fiscal  |z Mx̌ico 
700 1 |a Přez Chv̀ez, Još 
700 1 |a Fol Olgun̕, Raymundo 
740 0 |a vLex Libros (Servicio en ln̕ea) 
856 4 0 |u http://vlex.com/source/regimen-fiscal-de-los-ingresos-por-actividades-empresariales-y-profesionales-personas-fisicas-2018-21735  |z Acceso restringido 
942 |c BOOK 
999 0 |a Tax Law